| 000 | 02011nam a2200313Ia 4500 | ||
|---|---|---|---|
| 005 | 20180124133937.0 | ||
| 008 | 130821s1521 it a fr 0 lat d | ||
| 040 |
_aCo-BoUCM _bspa _cSandra Yazo (modificó) _dSandra Yazo (modificó) |
||
| 041 | 0 | _alat | |
| 082 | 0 | 4 |
_a808.882 _220 |
| 092 | _aE13N054 | ||
| 100 | 1 |
_aMarcial, Marco Valerio _d43?-104? _990939 |
|
| 242 | 0 | 0 | _aLos catorce libros de los Epigramas de Marco Valerio Marcial |
| 245 | 1 | 0 |
_aM. Val. Martialis epigrammaton libri XIIII _bInterpretantibus Domitio Calderino Georgioque Merula. Una cum figuris suis locis appositis. Necnon ornatissima tabula alphabetica: quae omnia scitu digna mire complectitur: nuper addita: numquam alia |
| 260 |
_aVenecia (Italia) _bGuilielmum de Fontaneto Montisferati [Guillermo Fontaneto de Monserrat] _c1521 |
||
| 300 |
_a[2], 136 folios _bilustraciones |
||
| 500 | _aDatos de publicación tomados del colofón. Nota de desinfección AGN 22 - Ene - 2018 | ||
| 500 | _aDetalles físicos: Encuadernación en pergamino en buen estado de conservación, ejemplar antiguo actualmente desencuadernado. Primeras hojas, deterioradas en el borde inferior por uso. Hermosa portada impresa en caracteres góticos, a dos tintas, m | ||
| 505 | 0 | _aComentarios y explicaciones de los humanistas italianos Domicio Calderini, natural de Verona (1446- 1478) y Giorgio Merula (1430-1494), a los catorce libros de los "Epigramas" de Marcial. | |
| 506 | _aConsulta en sala | ||
| 520 | _aValerio Marcial llegó a ser muy conocido por sus epigramas, escritos breves y aforísticos que a veces resultaban ser una acerada flecha venenosa contra las reputaciones mejor establecidas de las primeras décadas de Roma (la Roma Augusta) en la e | ||
| 546 | _aTexto en latín | ||
| 650 | 7 |
_aEpigramas _914668 |
|
| 650 | 7 |
_aLiteratura Latina _97796 |
|
| 650 | 7 |
_aLiteratura Latina _ySiglo I _97796 |
|
| 650 | 7 |
_aPoesía latina _ySiglo I _921826 |
|
| 690 |
_aLiteratura europea _926524 |
||
| 942 |
_cLIBRO _a18 _e1 _2LOCAL _hE13N054 |
||
| 999 |
_c75420 _d75420 |
||